I'm happy. (Record no. 109856)
[ view plain ]
| 000 -LEADER | |
|---|---|
| fixed length control field | 00344nam a2200145 a 4500 |
| 005 - DATE AND TIME OF LATEST TRANSACTION | |
| control field | 20140414131844.0 |
| 008 - FIXED-LENGTH DATA ELEMENTS--GENERAL INFORMATION | |
| fixed length control field | 100524s19uu xx 00 eng d |
| 050 ## - LIBRARY OF CONGRESS CALL NUMBER | |
| Classification number | M 155.4 |
| Item number | B84 1998 |
| 100 ## - MAIN ENTRY--PERSONAL NAME | |
| Personal name | Bryant-Mole, Karen |
| 245 ## - TITLE STATEMENT | |
| Title | I'm happy. |
| 260 ## - PUBLICATION, DISTRIBUTION, ETC. (IMPRINT) | |
| Date of publication, distribution, etc | 1998. |
| 650 ## - SUBJECT ADDED ENTRY--TOPICAL TERM | |
| Topical term or geographic name as entry element | Happy |
| General subdivision | Juvenile literature |
| Withdrawn status | Lost status | Damaged status | Home library | Current library | Shelving location | Date acquired | Source of acquisition | Total Checkouts | Full call number | Barcode | Date last seen | Price effective from | Koha item type |
|---|---|---|---|---|---|---|---|---|---|---|---|---|---|
| Munich Library | Munich Library | Main Section | 05/24/2010 | M 155.4 B84 1998 | M0025 | 04/14/2014 | 04/14/2014 | Books | |||||
| Munich Library | Munich Library | Main Section | 11/03/2010 | M 155.4 B84 1998 | M3250 | 04/14/2014 | 04/14/2014 | Books |